| 000 | 00595nam a2200169 i 4500 | ||
|---|---|---|---|
| 001 | 182110 | ||
| 003 | ES-MaACL | ||
| 005 | 20251116063114.0 | ||
| 008 | 130614s1883 fr |||| | spa d | ||
| 100 | 1 |
_aRojas, José María de, _d1828-1907 _9147733 |
|
| 245 | 1 | 0 |
_aCrítica del discurso académico del general Guzmán Rojas / _cpor el Marqués de Rojas. |
| 260 |
_aParis : _b[s.n.], _c1883 ( _fImpr. de Pablo Dupont) |
||
| 300 |
_a52 p. ; _c19 cm. |
||
| 600 | 1 | 4 |
_aGuzmán Blanco, Antonio. _9149642 |
| 852 |
_aES-MaACL _jT-366-F-3 _zEnc. en un vol. facticio |
||
| 999 |
_c182110 _d182110 |
||